[Event "CHN-ch sf"]
[Site "Hefei"]
[Date "2023.04.27"]
[Round "10"]
[White "Hu, Zehua"]
[Black "Jiao, Zhaorui"]
[Result "0-1"]
[WhiteElo "1992"]
[BlackElo "1645"]
[PlyCount "74"]
[EventDate "2023.04.23"]
[EventType "swiss"]
[EventRounds "11"]
[EventCountry "CHN"]
[SourceTitle "CBM 214 Extra"]
[Source "ChessBase"]
[SourceDate "2023.07.31"]
[SourceVersion "1"]
[SourceVersionDate "2023.07.31"]
[SourceQuality "1"]

1. Nf3 d5 2. c4 d4 3. d3 c5 4. b4 cxb4 5. a3 bxa3 6. Bxa3 Nc6 7. g3 Nf6 8. Bg2 e5 9. Bxf8 Kxf8 10. 0-0 g6 11. Nbd2 Kg7 12. Ra3 Qc7 13. Qa1 a5 14. Rb1 Ra6 15. Rb5 Bd7 16. Ne1 b6 17. c5 bxc5 18. Rxc5 Qa7 19. Qc1 Rc8 20. Nef3 Qb8 21. Nc4 e4 22. Ne1 Nb4 23. Nxa5 exd3 24. Rxc8 Qxc8 25. Qd2 Nc2 26. Rxd3 Nxe1 27. Qxe1 Rxa5 28. Rxd4 Rc5 29. Rd1 Bh3 30. Bxh3 Qxh3 31. f3 h5 32. Qf2 Rc2 33. Re1 Qc8 34. Qe3 Qc4 35. Kf2 Nd5 36. Qe5+ Kh7 37. Rb1 Rxe2+ 0-1

[Event "Tianjin Binhai Cup 1st"]
[Site "Tianjin"]
[Date "2018.12.31"]
[Round "7"]
[White "Hu, Zehua"]
[Black "Zhong, Kangmin"]
[Result "0-1"]
[WhiteElo "2104"]
[BlackElo "1825"]
[PlyCount "58"]
[EventDate "2018.12.25"]
[EventType "swiss"]
[EventRounds "9"]
[EventCountry "CHN"]
[SourceTitle "CBM 188 Extra"]
[Source "ChessBase"]
[SourceDate "2019.02.26"]
[SourceVersion "1"]
[SourceVersionDate "2019.02.26"]
[SourceQuality "1"]

1. e4 c5 2. Nf3 Nc6 3. d4 cxd4 4. Nxd4 Nf6 5. Nc3 e5 6. Ndb5 d6 7. Bg5 a6 8. Na3 b5 9. Bxf6 gxf6 10. Nd5 f5 11. Bd3 Be6 12. c4 Bg7 13. cxb5 Bxd5 14. exd5 Ne7 15. bxa6 0-0 16. b4 Nxd5 17. Qb3 e4 18. Qxd5 Bc3+ 19. Kf1 exd3 20. Rb1 Rxa6 21. Nb5 Be5 22. a3 Qb6 23. Qxd3 Raa8 24. f4 Bxf4 25. Nd4 Rxa3 26. Qxa3 Qxd4 27. Qf3 Re8 28. g3 Bh6 29. Qf2 Qe4 0-1

[Event "Tianjin Binhai Cup 1st"]
[Site "Tianjin"]
[Date "2018.12.27"]
[Round "3"]
[White "Hu, Zehua"]
[Black "Popov, Mikhail"]
[Result "0-1"]
[WhiteElo "2104"]
[BlackElo "2388"]
[PlyCount "78"]
[EventDate "2018.12.25"]
[EventType "swiss"]
[EventRounds "9"]
[EventCountry "CHN"]
[SourceTitle "CBM 188 Extra"]
[Source "ChessBase"]
[SourceDate "2019.02.26"]
[SourceVersion "1"]
[SourceVersionDate "2019.02.26"]
[SourceQuality "1"]

1. Nf3 Nf6 2. c4 g6 3. g3 Bg7 4. Bg2 0-0 5. 0-0 d6 6. d4 Nc6 7. Nc3 a6 8. d5 Na5 9. Nd2 c5 10. Qc2 b5 11. cxb5 axb5 12. Nxb5 Qb6 13. Na3 Ba6 14. Ndc4 Nxc4 15. Nxc4 Qb5 16. b3 Bb7 17. Bg5 h6 18. Bxf6 Bxf6 19. Rab1 Ra7 20. Rfd1 Rfa8 21. a3 Ba6 22. e3 Qe8 23. Nb2 Rb8 24. Be4 Bb5 25. a4 Bd7 26. Bd3 Rab7 27. Nc4 Rb4 28. Na3 Bg4 29. Rd2 Bf3 30. Bc4 Qd7 31. Qd3 Qg4 32. Rc1 Rxb3 33. Bxb3 Rxb3 34. Qc4 Qh3 35. Qf1 Qxf1+ 36. Kxf1 Rxa3 37. h3 Rxa4 38. g4 c4 39. Ke1 Bc3 0-1